00657nam a2200217Ia 450000500170000000800410001702000220005804000190008004100120009908200170011110000210012824500840014926000570023330000140029050400190030463000180032363000270034165000200036865100410038885000100042920230504122110.0131103s9999 xx 000 0 und d a816634181cRs 902 aLoreto College aEnglish a828.809bWAL aWaldrep, Shelton 4aThe aesthetics of self inventionb Oscar Wilde to David Bowie cshelton Waldrep aMinneapolis, MNbUniversity of Minnesota Pressc2004 axxi,203p  aIncludes index aBowie, David  aModernism (Literature) aPerforming Arts aWilde, Oscar, 1854-1900 - Aesthetics aLCLIB